[Event "Regionalliga NO 9596"]
[Site "Bayern"]
[Date "1996.??.??"]
[Round "?"]
[White "Kawohlus, Martin"]
[Black "Dietrich, Jochen"]
[Result "1/2-1/2"]
[WhiteElo "1820"]
[BlackElo "1955"]
[PlyCount "42"]
[EventDate "1995.10.??"]
[EventType "team-tourn"]
[EventRounds "9"]
[EventCountry "GER"]
[SourceTitle "EXT 1999"]
[Source "ChessBase"]
[SourceDate "1998.11.16"]
[SourceVersion "1"]
[SourceVersionDate "1998.11.16"]
[SourceQuality "1"]
[WhiteTeam "Kelheim II"]
[BlackTeam "Schwabach"]
[WhiteTeamCountry "GER"]
[BlackTeamCountry "GER"]

1. e4 e5 2. Bc4 Nf6 3. d4 Qe7 4. Nf3 exd4 5. 0-0 Nc6 6. Nxd4 Qc5 7. Nxc6 Qxc4 8. Nd4 Bc5 9. c3 0-0 10. Nd2 Qd3 11. e5 Nd5 12. N2b3 Qxd1 13. Rxd1 Bxd4 14. Rxd4 Ne7 15. Bf4 b6 16. Rad1 Re8 17. Nd2 Ng6 18. Bg3 Nf8 19. Nf3 Bb7 20. R4d3 h6 21. h3 Rad8 1/2-1/2

[Event "Regionalliga NO 9596"]
[Site "Bayern"]
[Date "1995.??.??"]
[Round "?"]
[White "Cipra, Lothar"]
[Black "Kawohlus, Martin"]
[Result "1/2-1/2"]
[WhiteElo "2005"]
[BlackElo "1820"]
[PlyCount "75"]
[EventDate "1995.10.??"]
[EventType "team-tourn"]
[EventRounds "9"]
[EventCountry "GER"]
[SourceTitle "EXT 1999"]
[Source "ChessBase"]
[SourceDate "1998.11.16"]
[SourceVersion "1"]
[SourceVersionDate "1998.11.16"]
[SourceQuality "1"]
[WhiteTeam "Schwanstetten"]
[BlackTeam "Kelheim II"]
[WhiteTeamCountry "GER"]
[BlackTeamCountry "GER"]

1. d4 Nf6 2. c4 g6 3. Nc3 Bg7 4. e4 d6 5. f3 0-0 6. Be3 e5 7. d5 c6 8. Bd3 cxd5 9. cxd5 Ne8 10. Nge2 f5 11. Qd2 f4 12. Bf2 Nd7 13. Na4 Rf7 14. b4 Ndf6 15. 0-0 g5 16. Nec3 h5 17. Be2 Bf8 18. Nb5 Bd7 19. Rfc1 g4 20. Rc2 gxf3 21. gxf3 Bh3 22. Kh1 Qd7 23. Rg1+ Rg7 24. Qd1 Nh7 25. Rxg7+ Qxg7 26. Qg1 Bd7 27. Qxg7+ Bxg7 28. Kg2 Bf6 29. Bd3 Bd8 30. Nbc3 Ng5 31. h4 Nh7 32. Nb2 Nf8 33. Bb5 Rc8 34. Bxd7 Nxd7 35. Rc1 Nf8 36. Nd3 Ng6 37. Kh3 Kf7 38. Nb5 1/2-1/2

[Event "Regionalliga NO 9596"]
[Site "Bayern"]
[Date "1995.??.??"]
[Round "?"]
[White "Kawohlus, Martin"]
[Black "Riedl, Maximilian"]
[Result "0-1"]
[WhiteElo "1820"]
[BlackElo "1960"]
[PlyCount "130"]
[EventDate "1995.10.??"]
[EventType "team-tourn"]
[EventRounds "9"]
[EventCountry "GER"]
[SourceTitle "EXT 1999"]
[Source "ChessBase"]
[SourceDate "1998.11.16"]
[SourceVersion "1"]
[SourceVersionDate "1998.11.16"]
[SourceQuality "1"]
[WhiteTeam "Kelheim II"]
[BlackTeam "Furth im Wald"]
[WhiteTeamCountry "GER"]
[BlackTeamCountry "GER"]

1. e4 c5 2. Nf3 Nf6 3. e5 Nd5 4. c3 e6 5. d4 cxd4 6. cxd4 Nc6 7. Bc4 Bb4+ 8. Bd2 Nb6 9. Bb3 d5 10. Nc3 a6 11. 0-0 Na5 12. Rc1 Nxb3 13. Qxb3 Be7 14. Nd1 Nc4 15. Bf4 0-0 16. Qd3 Bd7 17. Re1 Bb5 18. Qc2 Rc8 19. Nc3 Bd7 20. g3 b5 21. Qb1 b4 22. Ne2 Bb5 23. b3 Na3 24. Qb2 Bd3 25. Rxc8 Qxc8 26. Rc1 Qd7 27. Ne1 Bf5 28. h4 h6 29. Qd2 Rc8 30. Be3 Nb5 31. Rxc8+ Qxc8 32. Nd3 Bxd3 33. Qxd3 Qc6 34. Bd2 a5 35. Kf1 Na3 36. Bf4 Bd8 37. Qd2 Bb6 38. Be3 Qc2 39. Qxc2 Nxc2 40. g4 Kh7 41. Kg2 g6 42. Kg3 Na3 43. f4 Nb5 44. Kf3 Kg7 45. Bf2 f5 46. exf6+ Kxf6 47. Be3 h5 48. g5+ Kf7 49. Bf2 Nd6 50. Ng3 Ke7 51. Ke3 Kd7 52. Kd3 Kc6 53. Be3 Kb5 54. Bf2 Bc7 55. Be3 a4 56. Bd2 axb3 57. axb3 Nc4 58. Nxh5 Nxd2 59. Kxd2 gxh5 60. Ke3 Bd6 61. g6 Bf8 62. Kf3 Bh6 63. Ke3 Kc6 64. g7 Bxg7 65. f5 Bh6+ 0-1